Normal view
MARC view
Entry Topical Term
001 - CONTROL NUMBER
- control field: 47217
003 - CONTROL NUMBER IDENTIFIER
- control field: dpl
005 - DATE AND TIME OF LATEST TRANSACTION
- control field: 20120516164837.0
008 - FIXED-LENGTH DATA ELEMENTS
- fixed length control field: 120516|||a|||||| | ||| d
040 ## - CATALOGING SOURCE
- Original cataloging agency: dpl
- Transcribing agency: dpl
150 ## - HEADING--TOPICAL TERM
- Topical term or geographic name as entry element: Sales presentations.
670 ## - SOURCE DATA FOUND
- Source citation: Work cat.: (dpl)58639: Klaff, Oren 47216, Pitch anything :, c2011.
670 ## - SOURCE DATA FOUND
- Source citation: Work cat.: (dpl)58639: Klaff, Oren 47216, Pitch anything :, c2011.
